Countries With 7 Letters - Statistics

General Stats
  • This quiz has been taken 152 times
    127 since last reset
  • The average score is 27 of 41
Answer Stats
Hint Answer % Correct
Africa Algeria
80%
Europe Finland
80%
Europe Germany
80%
Africa Nigeria
76%
Europe Denmark
75%
South America Uruguay
75%
Europe Albania
73%
Asia Armenia
73%
Europe Belgium
73%
Europe Iceland
73%
Europe Ireland
73%
Europe Austria
71%
South America Bolivia
71%
Africa Burundi
71%
Europe Croatia
71%
South America Ecuador
71%
Europe Hungary
71%
North America Jamaica
71%
Asia Vietnam
71%
Asia Lebanon
69%
Africa Tunisia
69%
Africa Comoros
67%
Africa Morocco
67%
Europe Estonia
65%
Africa Lesotho
63%
Africa Liberia
63%
Europe Andorra
61%
North America Bahamas
61%
Europe Belarus
61%
Africa Namibia
61%
Africa Eritrea
59%
Europe Romania
59%
Africa Senegal
59%
Africa Somalia
59%
Asia Bahrain
57%
North America Grenada
57%
Europe Moldova
57%
Asia Georgia
55%
Oceania Vanuatu
55%
Europe Ukraine
47%
Asia Myanmar
39%
No matching quizzes found
Score Distribution
Percent of People with Each Score
Percentile by Number Answered
Your Score History
You have not taken this quiz since the last reset